LEADER 01016nam0-2200349---450- 001 990009389490403321 005 20120607141757.0 010 $a9781439809730 035 $a000938949 035 $aFED01000938949 035 $a(Aleph)000938949FED01 035 $a000938949 100 $a20110630d2010----km-y0itay50------ba 101 0 $aeng 102 $aUS 105 $aa-------001yy 200 1 $aApplied risk management in agriculture$fedited by Dana L. Hoag 210 $aBoca Raton, Fla$cCRC Press$dc2010 215 $axv, 403 p.$cill.$d25 cm 610 0 $aAgricoltura$aAspetti economici$aStati Uniti 610 0 $aGestione del rischio$aStati Uniti 676 $a630.681$v22$zita 702 1$aHoag,$bDana L. 801 0$aIT$bUNINA$gRICA$2UNIMARC 901 $aBK 912 $a990009389490403321 952 $a60 630.681 B 1$b12673$fFAGBC 952 $a62 338.43 APP.$b10458$fDAGEA 959 $aFAGBC 959 $aDAGEA 996 $aApplied risk management in agriculture$9764146 997 $aUNINA LEADER 00968nam0-2200337---450 001 990009343730403321 005 20170522123213.0 010 $a978-0-387-73513-9 035 $a000934373 035 $aFED01000934373 035 $a(Aleph)000934373FED01 035 $a000934373 100 $a20110414d2008----km-y0itay50------ba 101 0 $aeng 102 $aUS 105 $a--------001yy 200 1 $aSolving problems in food engineering$fStavros Yanniotis, author 210 $aNew York$cSpringer$dc2008 215 $aXI, 297 p.$d24 cm$e1 cd-rom 225 1 $aFood engineering series 610 0 $aAlimenti - Lavorazione 676 $a664.02$v20$zita 700 1$aYanniotis,$bStavros$0510770 801 0$aIT$bUNINA$gRICA$2UNIMARC 901 $aBK 912 $a990009343730403321 952 $a60 664.02 B 2$b12603$fFAGBC 952 $a60 CD 212$b12603$fFAGBC 959 $aFAGBC 996 $aSolving problems in food engineering$9767238 997 $aUNINA LEADER 01019nam--2200373---450 001 990001633960203316 005 20220909095616.0 010 $a88-430-2869-3 035 $a000163396 035 $aUSA01000163396 035 $a(ALEPH)000163396USA01 035 $a000163396 100 $a20040505d2004----km-y0itay0103----ba 101 $aita 102 $aIT 105 $a||||||||001yy 200 1 $aChe cos'è la storia della scienza$fPaola Govoni 205 $a3. ristampa 210 $aRoma$cCarocci$d2004 215 $a125 p.$d19 cm 225 2 $a<> Bussole$v121 410 0$12001$a<> Bussole 606 0 $aScienze naturali$xStoria 676 $a507.045 700 1$aGOVONI,$bPaola$0284753 801 0$aIT$bsalbc$gISBD 912 $a990001633960203316 951 $aXVII A.A. 3246$b6474 DLAS$cXVII A.A.$d550318 951 $aII.6. 255$b199958 L.M.$cII.6.$d00062619 959 $aBK 969 $aCAS 969 $aUMA 996 $aChe cos'è la storia della scienza$9943783 997 $aUNISA